Zinkoff, el inutil / (Registro nro. 6415)
[ vista simple ]
| 000 -CABECERA | |
|---|---|
| campo de control de longitud fija | 01819nam a22002657a 4500 |
| 007 - PHYSICAL DESCRIPTION FIXED FIELD--GENERAL INFORMATION | |
| fixed length control field | ta |
| 008 - CÓDIGOS DE INFORMACIÓN DE LONGITUD FIJA | |
| fixed length control field | 200130b2003 ck ||||b |||| 00| f spa d |
| 020 ## - NÚMERO INTERNACIONAL NORMALIZADO PARA LIBROS | |
| ISBN | 958047446X |
| 040 ## - Fuente de catalogación | |
| Agencia original de catalogación | CO-JMCR |
| Agencia de transcripción | CO-JMCR |
| 041 ## - CÓDIGO DE LENGUA | |
| Código idioma | spa |
| Language code of original | eng |
| 082 ## - NÚMERO DE LA CLASIFICACIÓN DECIMAL DEWEY | |
| Número de clasificación Decimal | N |
| Número de documento (Cutter) | SPIz |
| 100 1# - PUNTO DE ACCESO PRINCIPAL-NOMBRE DE PERSONA | |
| Nombre personal | Spinelli, Jerry, |
| Término de función/relación | autor |
| 9 (RLIN) | 96 |
| 245 1# - TÍTULO PROPIAMENTE DICHO | |
| Título | Zinkoff, el inutil / |
| Mención de responsabilidad, etc. | Jerry Spinelli ; traducción de Manuel Ponbo ; Ilustraciones de Rafael Yockteng |
| 260 ## - PUBLICACIÓN, DISTRIBUCIÓN, ETC. (PIE DE IMPRENTA) | |
| Lugar de publicación, distribución, etc. | Bogotá : |
| Nombre del editor, distribuidor, etc. | Norma, |
| Fecha de publicación, distribución, etc. | 2003 |
| 300 ## - DESCRIPCIÓN FÍSICA | |
| Extensión | 240 páginas : |
| Otros detalles físicos | ilustraciones en blanco y negro ; |
| Dimensiones | 19 cm. |
| 440 ## - SERIES | |
| Titulo | Torre de papel |
| Número de parte/sección de una obra | Torre Amarilla |
| 9 (RLIN) | 97 |
| 500 ## - NOTA GENERAL | |
| Nota general | Datos biográficos del autor tapa posterior |
| 505 1# - NOTA DE CONTENIDO FORMATADO | |
| Nota de contenido formateada | Poco a poco vamos creciendo -- El ancho mundo -- Ganar -- El primer día de Zinkoff -- Todos a bordo -- Una pregunta maravillosa -- Jabipí -- Dos nuevos amigos -- ¡Campeones! -- El cartero -- Las casas que empiezan -- Por el número 900 -- A la espera -- El monstruo de la caldera -- Descubierto -- La gran verbena -- Lo que dicen los relojes -- El mejor amigo -- El caramelo en su mano -- En ninguna parte -- Un asunto difícil y espinoso -- El último por siempre -- El invisible -- La nieve -- Claudia... -- Lo que es un muchacho -- Por su cuenta -- Castigado -- Aún allí -- Zinkoff |
| 520 #3 - RESUMEN, ETC. | |
| Resumen,etc. | Donald Zinkoff es aquel chico que siempre es el último de la clase, que todo lo hace mal, y de quien nadie quiere hacerse amigo. Sin embargo, Zincoff es diferente a este rechazo, por que su inocencia, sus ilusiones y la alegría que siente ante cada uno de los aspectos de su vida cotidiana son más fuertes que lo que el mundo pueda opinar de él. |
| 650 #4 - TÉRMINO DE MATERIA | |
| subdivision Geografica | estadounidense |
| 9 (RLIN) | 98 |
| 650 #2 - TÉRMINO DE MATERIA | |
| 9 (RLIN) | 99 |
| 700 ## - AUTOR SECUNDARIO - PERSONA | |
| Nombre de persona | Pombo, Juan Manuel, |
| 9 (RLIN) | 100 |
| 700 ## - AUTOR SECUNDARIO - PERSONA | |
| Nombre de persona | Yockteng, Rafael, |
| 9 (RLIN) | 101 |
| Withdrawn status | Lost status | Source of classification or shelving scheme | Damaged status | Not for loan | Home library | Current library | Shelving location | Date acquired | Source of acquisition | Cost, normal purchase price | Total Checkouts | Full call number | Barcode | Date last seen | Date last checked out | Copy number | Price effective from | Koha item type |
|---|---|---|---|---|---|---|---|---|---|---|---|---|---|---|---|---|---|---|
| Dewey Decimal Classification | Biblioteca Pública José María del Castillo y Rada | Biblioteca Pública José María del Castillo y Rada | Processing Center | 12/19/2019 | Donación | 0.00 | 3 | N SPIz | 201809726 | 01/22/2026 | 01/22/2026 | Ej.1 | 01/30/2020 | Books |